Дело по прошению статского советника Лажечникова о поднесении государю императору и государыне императрице Марии Александровне с...

Доступно только в Электронных читальных залах Найти на картеНа карте
RUSMARC
00003632nmc2a22002413x 450
001d0eea1b0-6513-41d4-969a-faf67bad4cea
00520250623131408.0
100##$a20250115l18581858k l0rusy0189 ca
1010#$arus
102##$aRU
105##$ay###
1222#$ad
2001#$aДело по прошению статского советника Лажечникова о поднесении государю императору и государыне императрице Марии Александровне сочинения его
$j25 августа - 15 ноября 1858 г.
215##$a17 л.
$d36,5х26 см
251##$cДело
300##$aНа обложке указано: "№120"
371##$aДокумент не является опубликованным и широко распространяемым
461#0$10012b5b8419-5ce4-4d16-a7a3-85720a295f1f
$12001
$aКанцелярия министра народного просвещения
$1251
$cФонд
$1852
$j735
462#0$1001e5828e33-5c3d-47b3-8ecf-3a6cb46adc06
$12001
$aКанцелярия министра народного просвещения
$1251
$cОпись
$1852
$j5
801#0$aRU
$bРГИА
$c20250115
$gRCR
801#1$aRU
$bГлавНИВЦ
$c20250115
$2rusmarc
801#2$aRU
$bПБ им. Б.Н. Ельцина
$c20250623
$gRCR
$2rusmarc
850##$aРГИА
852##$aРГИА
$eФедеральное казенное учреждение "Российский государственный исторический архив" (РГИА)
$j166
937##$hРГИА
$d12422726
$aASBIBLIO_SCAN
035##$aRusGRCC00083378
856##$uhttp://readingroom.main.prlib.ru/item.aspx?id_node=n196881350&mode=full
Формат отображения